000 00588nam a2200229Ia 4500
003 OSt
005 20221007073055.0
006 a|||||r|||| 00| 0
007 ta
008 221006b |||||||| |||| 00| 0 eng d
024 _a25,095
037 _cTextual
040 _aFLL
_cFLL
_beng
041 _2eng
_aeng
082 _aZ3,8, L9
100 _aStevens Robert
245 0 _aLaw and politics
260 _aLondon
_bWeidenfeld and Nicolson London
_c1979
300 _axviii,1-701p
_ccm.
942 _hZ3,8, L9
_cTEXL
_2CC
999 _c1147623
_d1147623